| 000 | 00346nam a22001457a 4500 | ||
|---|---|---|---|
| 020 | _a978-93-82116-24-0 | ||
| 082 |
_a894.812 _bNEE/P |
||
| 100 | _aNEELAKANDAN NAMBOOTHIRI | ||
| 245 | _aPAZHANCHOLLUKAL | ||
| 246 |
_aPAZHANCHOLLUKAL _bPAZHANCHOLLUKAL |
||
| 260 |
_aTHRISSUR _bH& C _c2012 |
||
| 300 | _a96 | ||
| 520 | _aPAZHANCHOLLUKAL | ||
| 942 | _cBK | ||
| 999 |
_c8444 _d8444 |
||